[Event "Niedersachsen-ch op-B"]
[Site "Verden"]
[Date "2016.01.06"]
[Round "7"]
[White "Pahl, Theis"]
[Black "Diderle, Konstantin"]
[Result "1-0"]
[WhiteElo "1569"]
[BlackElo "1642"]
[PlyCount "39"]
[EventDate "2016.01.03"]
[EventType "swiss"]
[EventRounds "7"]
[EventCountry "GER"]
[SourceTitle "EXT 2018"]
[Source "ChessBase"]
[SourceDate "2017.10.13"]
[SourceVersion "1"]
[SourceVersionDate "2017.10.13"]
[SourceQuality "1"]

1. e4 c5 2. Nf3 d6 3. d4 cxd4 4. Qxd4 Nc6 5. Bb5 Bd7 6. Bxc6 Bxc6 7. Nc3 Nf6 8. Bg5 e6 9. 0-0-0 Be7 10. Rhe1 h6 11. Bxf6 gxf6 12. Qe3 a6 13. Nd4 Rc8 14. Qg3 Kf8 15. f4 b5 16. a3 Bb7 17. e5 fxe5 18. fxe5 d5 19. Rf1 Bc5 20. Nxe6+ 1-0

[Event "Niedersachsen-ch op-B"]
[Site "Verden"]
[Date "2015.01.04"]
[Round "6"]
[White "Diderle, Konstantin"]
[Black "Nordhorn, Horst"]
[Result "1/2-1/2"]
[WhiteElo "1486"]
[BlackElo "1787"]
[PlyCount "118"]
[EventDate "2015.01.02"]
[EventType "swiss"]
[EventRounds "7"]
[EventCountry "GER"]
[SourceTitle "EXT 2018"]
[Source "ChessBase"]
[SourceDate "2017.10.13"]
[SourceVersion "1"]
[SourceVersionDate "2017.10.13"]
[SourceQuality "1"]

1. e4 e5 2. Nf3 f5 3. exf5 e4 4. Nd4 Nf6 5. Nc3 c5 6. Nb3 d5 7. d4 c4 8. Nd2 Bxf5 9. f3 Bb4 10. fxe4 Bxe4 11. Nf3 0-0 12. Be2 Nc6 13. 0-0 Qa5 14. Nxe4 Nxe4 15. c3 Bd6 16. Qe1 Qc7 17. Qh4 Rae8 18. Re1 Bf4 19. Qh5 Nf6 20. Bxf4 Qxf4 21. Qg5 Qg4 22. Qxg4 Nxg4 23. Bf1 Ne3 24. Rac1 Re7 25. Re2 Rfe8 26. Rce1 h6 27. Kf2 Nxf1 28. Rxe7 Rxe7 29. Kxf1 Rxe1+ 30. Kxe1 Kf7 31. Kf2 Kf6 32. Ke3 g5 33. g4 b5 34. b3 cxb3 35. axb3 a5 36. Kd3 a4 37. bxa4 bxa4 38. Nd2 a3 39. Kc2 Na5 40. Kb1 h5 41. h3 hxg4 42. hxg4 Nb7 43. Ka2 Nd6 44. Kxa3 Ke6 45. Kb3 Kd7 46. c4 dxc4+ 47. Nxc4 Ne4 48. Ne5+ Ke6 49. Kc4 Nd6+ 50. Kc5 Ne4+ 51. Kc6 Nf6 52. Kc5 Ne4+ 53. Kc4 Nd6+ 54. Kd3 Kd5 55. Nf3 Ne4 56. Ke3 Nf6 57. Nxg5 Nxg4+ 58. Kd3 Ne5+ 59. dxe5 Kxe5 1/2-1/2

[Event "GER-ch U10"]
[Site "Magdeburg"]
[Date "2014.06.14"]
[Round "11"]
[White "Prieb, Robert"]
[Black "Diderle, Konstantin"]
[Result "1/2-1/2"]
[WhiteElo "1260"]
[BlackElo "1103"]
[PlyCount "81"]
[EventDate "2014.06.08"]
[EventType "swiss"]
[EventRounds "11"]
[EventCountry "GER"]
[SourceTitle "CBM 160 Extra"]
[Source "ChessBase"]
[SourceDate "2014.07.01"]
[SourceVersion "1"]
[SourceVersionDate "2014.07.01"]
[SourceQuality "1"]

1. d4 Nf6 2. Nf3 d5 3. Bf4 e6 4. e3 c5 5. c3 Nc6 6. Bd3 Be7 7. Nbd2 a6 8. a4 0-0 9. h3 Bd7 10. 0-0 cxd4 11. Nxd4 Nxd4 12. cxd4 Rc8 13. b3 Rc6 14. Rc1 Rxc1 15. Qxc1 Qc8 16. Nf3 Qxc1 17. Rxc1 Rc8 18. Rxc8+ Bxc8 19. Kf1 Bd7 20. Ne5 g6 21. Bg5 Be8 22. Ke2 Kf8 23. f4 Nd7 24. Bh6+ Kg8 25. Nxd7 Bxd7 26. Kf3 Bf8 27. Bxf8 Kxf8 28. e4 Bc6 29. e5 a5 30. g4 Bd7 31. g5 Ke8 32. Ke2 Kd8 33. Kd2 Kc7 34. Kc3 Kc6 35. Bb5+ Kc7 36. Bd3 Kc6 37. Bb5+ Kc7 38. Bd3 Kb6 39. Be2 Kc6 40. Bb5+ Kc7 41. Bd3 1/2-1/2

[Event "Niedersachsen-ch U10"]
[Site "Norderney"]
[Date "2014.04.17"]
[Round "10"]
[White "Brunner, Sophia"]
[Black "Diderle, Konstantin"]
[Result "1-0"]
[WhiteElo "1438"]
[BlackElo "1175"]
[PlyCount "91"]
[EventDate "2014.04.??"]
[EventType "swiss"]
[EventRounds "11"]
[EventCountry "GER"]
[SourceTitle "EXT 2017"]
[Source "ChessBase"]
[SourceDate "2016.10.25"]
[SourceVersion "1"]
[SourceVersionDate "2016.10.25"]
[SourceQuality "1"]

1. d4 d5 2. c4 e6 3. Nc3 c5 4. dxc5 Nf6 5. Bg5 d4 6. Ne4 Be7 7. Nxf6+ Bxf6 8. Bxf6 Qxf6 9. Qd2 a5 10. Nf3 Nc6 11. Rd1 e5 12. e3 Bg4 13. Be2 Bxf3 14. Bxf3 Rd8 15. Bxc6+ bxc6 16. Qxa5 0-0 17. exd4 exd4 18. 0-0 d3 19. Qd2 Qd4 20. b3 Qxc5 21. Qc3 d2 22. Rxd2 Ra8 23. Re1 Rfe8 24. Rxe8+ Rxe8 25. Rd1 h6 26. Qd2 Qe5 27. g3 Qe2 28. Qxe2 Rxe2 29. Ra1 Re8 30. Kf1 Kh7 31. a4 Rb8 32. Rb1 c5 33. Ke2 f5 34. Kd3 Kg6 35. Kc3 Rb4 36. Rd1 Rb8 37. Rd5 Rc8 38. b4 cxb4+ 39. Kxb4 Rb8+ 40. Rb5 Re8 41. a5 Re2 42. a6 Rxf2 43. a7 Rxh2 44. a8Q Rb2+ 45. Kc5 Rxb5+ 46. cxb5 1-0

[Event "Niedersachsen-ch op-B"]
[Site "Verden"]
[Date "2014.01.04"]
[Round "6"]
[White "Wolterink, Jule"]
[Black "Diderle, Konstantin"]
[Result "0-1"]
[WhiteElo "811"]
[BlackElo "1087"]
[PlyCount "78"]
[EventDate "2014.01.02"]
[EventType "swiss"]
[EventRounds "7"]
[EventCountry "GER"]
[SourceTitle "EXT 2016"]
[Source "ChessBase"]
[SourceDate "2015.10.08"]
[SourceVersion "1"]
[SourceVersionDate "2015.10.08"]
[SourceQuality "1"]

1. e4 c5 2. Nf3 Nc6 3. Be2 d6 4. c3 Nf6 5. d4 cxd4 6. cxd4 Nxe4 7. Nc3 Nxc3 8. bxc3 g6 9. Bg5 Bg7 10. 0-0 0-0 11. Re1 Qd7 12. Bb5 f6 13. Bf4 Qc7 14. Bc4+ Kh8 15. Qb3 Na5 16. Qc2 Nxc4 17. Re2 e5 18. Be3 Nxe3 19. Rxe3 b6 20. d5 Bb7 21. c4 Rac8 22. Rc3 b5 23. Nd2 Bxd5 24. cxd5 Qxc3 25. Qxc3 Rxc3 26. Nf3 Rfc8 27. Rf1 Rc2 28. a3 a5 29. Ne1 Rc1 30. Nd3 Rxf1+ 31. Kxf1 Rc3 32. Ke2 Rxa3 33. Kd2 b4 34. Kc2 Ra2+ 35. Kb3 Ra3+ 36. Kc2 e4 37. Nb2 b3+ 38. Kb1 f5 39. Nc4 Ra1# 0-1

[Event "GER-chT North U12"]
[Site "Magdeburg"]
[Date "2013.09.14"]
[Round "6.4"]
[White "Diderle, Konstantin"]
[Black "Scheidt, Mike Niklas"]
[Result "1-0"]
[WhiteElo "913"]
[BlackElo "1022"]
[PlyCount "41"]
[EventDate "2013.09.12"]
[EventType "team-swiss"]
[EventRounds "7"]
[EventCountry "GER"]
[SourceTitle "EXT 2014"]
[Source "ChessBase"]
[SourceDate "2013.11.20"]
[SourceVersion "1"]
[SourceVersionDate "2013.11.20"]
[SourceQuality "1"]
[WhiteTeam "Peine"]
[BlackTeam "Hagen"]
[WhiteTeamCountry "GER"]
[BlackTeamCountry "GER"]

1. e4 d5 2. exd5 Qxd5 3. Nc3 Qa5 4. d4 Nf6 5. Bd2 Nc6 6. Nf3 Bg4 7. Be3 0-0-0 8. Be2 Bxf3 9. Bxf3 e5 10. Bxc6 bxc6 11. 0-0 c5 12. d5 c6 13. Bd2 Qb4 14. b3 Qh4 15. dxc6 Kc7 16. Qe2 Bd6 17. Qa6 Rb8 18. Nb5+ Kd8 19. Nxd6 Rf8 20. Ba5+ Ke7 21. Nf5+ 1-0

[Event "Niedersachsen-ch op-C"]
[Site "Verden"]
[Date "2013.01.06"]
[Round "7"]
[White "Diderle, Konstantin"]
[Black "Buchloh, Falk"]
[Result "1/2-1/2"]
[WhiteElo "868"]
[BlackElo "936"]
[PlyCount "106"]
[EventDate "2013.01.03"]
[EventType "swiss"]
[EventRounds "7"]
[EventCountry "GER"]
[SourceTitle "EXT 2021"]
[Source "ChessBase"]
[SourceDate "2020.10.23"]
[SourceVersion "1"]
[SourceVersionDate "2020.10.23"]
[SourceQuality "1"]

1. e4 e5 2. Nf3 d6 3. Bc4 h6 4. c3 Nf6 5. d3 Nc6 6. Bb5 Bd7 7. Be3 a6 8. Bxc6 Bxc6 9. Qc2 Be7 10. Nbd2 b6 11. 0-0 Ng4 12. Rfe1 Nxe3 13. Rxe3 Bd7 14. h3 g5 15. Nh2 h5 16. Qd1 Be6 17. f3 Qd7 18. Re1 f5 19. Rf1 0-0-0 20. a4 g4 21. exf5 Bxf5 22. fxg4 hxg4 23. hxg4 Bxd3 24. Qf3 Kb8 25. Qxd3 Kb7 26. Qf5 Rhf8 27. Qe4+ Qc6 28. Rxf8 Qxe4 29. Nxe4 Rxf8 30. Rf1 Rxf1+ 31. Kxf1 d5 32. Nd2 c5 33. Ke2 Kc6 34. Kd3 Bd6 35. c4 e4+ 36. Ke3 Bxh2 37. cxd5+ Kxd5 38. Nxe4 Bg1+ 39. Kf4 b5 40. axb5 axb5 41. g5 Bd4 42. Nc3+ Ke6 43. Nxb5 Bxb2 44. Ke4 c4 45. Kf4 c3 46. Nxc3 Bxc3 47. Kg4 Kf7 48. Kh5 Kg7 49. g6 Kg8 50. Kh6 Bd4 51. Kh5 Bc3 52. Kg5 Bb2 53. Kf5 Kg7 1/2-1/2

[Event "Niedersachsen-ch op-C"]
[Site "Verden"]
[Date "2013.01.05"]
[Round "5"]
[White "Diderle, Konstantin"]
[Black "Buchloh, Adrian"]
[Result "0-1"]
[WhiteElo "868"]
[BlackElo "1035"]
[PlyCount "128"]
[EventDate "2013.01.03"]
[EventType "swiss"]
[EventRounds "7"]
[EventCountry "GER"]
[SourceTitle "EXT 2021"]
[Source "ChessBase"]
[SourceDate "2020.10.23"]
[SourceVersion "1"]
[SourceVersionDate "2020.10.23"]
[SourceQuality "1"]

1. e4 e5 2. Nf3 Nc6 3. Bc4 Bc5 4. c3 Nf6 5. d4 exd4 6. cxd4 Bb4+ 7. Bd2 Nxe4 8. Qe2 Qe7 9. 0-0 Nxd2 10. Qxe7+ Nxe7 11. Nbxd2 d5 12. Bd3 0-0 13. a3 Bd6 14. Rfe1 Bd7 15. Ne5 Be6 16. h3 Rad8 17. b4 c6 18. Nb3 b6 19. b5 Rc8 20. a4 f6 21. Nf3 c5 22. Rxe6 Rfd8 23. dxc5 bxc5 24. Nh4 c4 25. Bf5 cxb3 26. Rxd6 Rxd6 27. Bxc8 Nxc8 28. Rb1 Nb6 29. a5 Nc4 30. Rxb3 Nxa5 31. Ra3 Nc4 32. Rxa7 Rb6 33. Nf3 Rxb5 34. Nd4 Rb6 35. Ra8+ Kf7 36. g4 Rb4 37. Rd8 Nb6 38. Rb8 Rxd4 39. Rxb6 Rd1+ 40. Kg2 d4 41. Rd6 g5 42. Kg3 d3 43. h4 d2 44. hxg5 Rg1+ 45. Kf3 d1Q+ 46. Rxd1 Rxd1 47. gxf6 Kxf6 48. Kg3 Kg5 49. f4+ Kg6 50. Kh4 Rf1 51. f5+ Kf6 52. Kg3 h5 53. Kh4 hxg4 54. Kxg4 Rxf5 55. Kg3 Ke5 56. Kg4 Ke4 57. Kg3 Rf4 58. Kg2 Rf3 59. Kg1 Ke3 60. Kg2 Ke2 61. Kg1 Rf2 62. Kh1 Kf3 63. Kg1 Kg3 64. Kh1 Rf1# 0-1